LEADER 03547nam 2200625 a 450 001 9910454333203321 005 20200520144314.0 010 $a1-84755-168-8 035 $a(CKB)1000000000704194 035 $a(EBL)1186012 035 $a(SSID)ssj0000379612 035 $a(PQKBManifestationID)11297219 035 $a(PQKBTitleCode)TC0000379612 035 $a(PQKBWorkID)10366401 035 $a(PQKB)10563638 035 $a(MiAaPQ)EBC1186012 035 $a(PPN)198478461 035 $a(Au-PeEL)EBL1186012 035 $a(CaPaEBR)ebr10621155 035 $a(CaONFJC)MIL872144 035 $a(OCoLC)843642079 035 $a(EXLCZ)991000000000704194 100 $a20121119d2003 uy 0 101 0 $aeng 135 $aur|n|---||||| 181 $ctxt 182 $cc 183 $acr 200 10$aPlasma source mass spectrometry$b[electronic resource] /$fedited by Grenville Holland, Scott D. Tanner 210 $aCambridge $cRSC$d2003 215 $a1 online resource (424 p.) 225 1 $aSpecial Publication 300 $aThe proceedings of the 8th International Conference on Plasma Source Mass Spectrometry held at the University of Durham on 8-13 September 2002. 311 $a0-85404-603-8 320 $aIncludes bibliographical references and indexes. 327 $aBK9780854046034-FX001; BK9780854046034-FP001; BK9780854046034-FP005; BK9780854046034-FP007; BK9780854046034-00001; BK9780854046034-00003; BK9780854046034-00016; BK9780854046034-00028; BK9780854046034-00043; BK9780854046034-00054; BK9780854046034-00065; BK9780854046034-00074; BK9780854046034-00082; BK9780854046034-00091; BK9780854046034-00093; BK9780854046034-00105; BK9780854046034-00112; BK9780854046034-00127; BK9780854046034-00141; BK9780854046034-00148; BK9780854046034-00160; BK9780854046034-00168; BK9780854046034-00185; BK9780854046034-00193; BK9780854046034-00195; BK9780854046034-00209 327 $aBK9780854046034-00219BK9780854046034-00221; BK9780854046034-00231; BK9780854046034-00240; BK9780854046034-00249; BK9780854046034-00259; BK9780854046034-00261; BK9780854046034-00271; BK9780854046034-00282; BK9780854046034-00292; BK9780854046034-00305; BK9780854046034-00307; BK9780854046034-00321; BK9780854046034-00338; BK9780854046034-00351; BK9780854046034-00362; BK9780854046034-00374; BK9780854046034-00391; BK9780854046034-00404; BK9780854046034-00407 330 $aThis book provides a snapshot of the current state-of-the-art of the understanding of the fundamentals of ICPMS, instrumental development, methods development, spectral interpretation and applications. It covers a diverse range of topics including: bioanalytical applications (immunoassay, state of phosphorylation, metallo-drugs); environmental applications (drinking water, groundwater, seawater, speciation); reaction cells and collision cells (theory and applications); archaeology; laser ablation; isotope ratio analysis; and the performance, characterization and applications of multicollector 410 0$aSpecial Publication 606 $aPlasma spectroscopy$vCongresses 606 $aMass spectrometry$vCongresses 608 $aElectronic books. 615 0$aPlasma spectroscopy 615 0$aMass spectrometry 676 $a543.0873 676 $a543.65 701 $aHolland$b Grenville$0877812 701 $aTanner$b Scott D$0877813 801 0$bMiAaPQ 801 1$bMiAaPQ 801 2$bMiAaPQ 906 $aBOOK 912 $a9910454333203321 996 $aPlasma source mass spectrometry$91959908 997 $aUNINA LEADER 04604nam 2200685 a 450 001 9910574100203321 005 20220506134419.0 010 $a1-68367-115-5 010 $a1-61344-269-6 010 $a1-55581-712-2 035 $a(CKB)2550000000063317 035 $a(EBL)3002493 035 $a(SSID)ssj0000540614 035 $a(PQKBManifestationID)11334214 035 $a(PQKBTitleCode)TC0000540614 035 $a(PQKBWorkID)10586300 035 $a(PQKB)10192928 035 $a(MiAaPQ)EBC3002493 035 $a(PPN)174731957 035 $a(EXLCZ)992550000000063317 100 $a20101102d2011 uy 0 101 0 $aeng 135 $aur|n|---||||| 181 $ctxt 182 $cc 183 $acr 200 00$aRapid detection, characterization, and enumeration of foodborne pathogens$b[electronic resource] /$fedited by J. Hoorfar 210 $aWashington, D.C. $cASM Press$dc2011 215 $a1 online resource (467 p.) 300 $aDescription based upon print version of record. 311 $a1-55581-542-1 320 $aIncludes bibliographical references and index. 327 $a""Cover""; ""Contents""; ""Contributors""; ""Preface""; ""Acknowledgments""; ""1. The Public Health, Industrial, and Global Significance of Rapid Microbiological Food Testing""; ""I. ACCELERATED GENERIC TECHNIQUES""; ""2. Strengths and Shortcomings of Advanced Detection Technologies""; ""3. Chromogenic and Accelerated Cultural Methods""; ""4. Automated and Large-Scale Characterization of Microbial Communities in Food Production""; ""5. Fast and High-Throughput Molecular Typing Methods""; ""II. CRITICAL CONSIDERATIONS BEFORE SETTING UP RAPID METHODS"" 327 $a""6. Sampling, Transport, and Sample Preparation in Emergency Situations and Rapid Response""""7. Statistics of Sampling for Microbiological Testing of Foodborne Pathogens""; ""8. Preanalytical Sample Preparation and Analyte Extraction""; ""9. Criteria for Choosing the Right Rapid Method""; ""10. Your Results Are Your Controls: Inclusion of Critical Test Controls""; ""11. International Validation, Ring Trial, and Standardization of Rapid Methods""; ""12. Statistical Data Analysis of Results Based on Alternative Detection and Enumeration Methods""; ""III. MEAT PRODUCTION CHAIN"" 327 $a""13. Salmonella in Pork, Beef, Poultry, and Egg""""14. Yersinia enterocolitica in Pork""; ""15. Campylobacter in Poultry, Pork, and Beef""; ""16. Shiga Toxin-Producing Escherichia coli in Food""; ""17. Rapid Screening of Animal Feeds for Mycotoxins and Salmonella Contaminations""; ""IV. DAIRY PRODUCTION CHAIN""; ""18. Listeria monocytogenes in Milk, Cheese, and the Dairy Environment""; ""19. Bacillus cereus in Milk and Dairy Production""; ""20. Staphylococcus aureus in the Dairy Chain""; ""21. Cronobacter Species in Powdered Infant Formula""; ""V. FRESH PRODUCE, SEAFOOD, AND WATER"" 327 $a""22. Pathogen Testing in Fresh Produce and Irrigation Water""""23. Norovirus, Hepatitis A Virus, and Indicator Microorganisms in Shellfish, Soft Fruits, and Water""; ""24. Protozoan Parasites: Cryptosporidium, Giardia, Cyclospora, and Toxoplasma""; ""VI. FOOD SERVICE AND CATERING""; ""25. Practical Sampling Plans, Indicator Microorganisms, and Interpretation of Test Results from Trouble-Shooting""; ""26. Clostridium perfringens in Food Service""; ""27. Hepatitis A Virus in Ready-To-Eat Foods""; ""VII. CONCLUSIONS"" 327 $a""28. Future Trends in Rapid Methods: Where Is the Field Moving, and What Should We Focus On?""""Index""; ""A""; ""B""; ""C""; ""D""; ""E""; ""F""; ""G""; ""H""; ""I""; ""K""; ""L""; ""M""; ""N""; ""O""; ""P""; ""Q""; ""R""; ""S""; ""T""; ""U""; ""V""; ""W""; ""X""; ""Y""; ""Z"" 606 $aFood$xMicrobiology 606 $aFood poisoning 606 $aFood contamination 606 $aMicrobiologia dels aliments$2thub 606 $aIntoxicació alimentària$2thub 606 $aContaminació dels aliments$2thub 608 $aLlibres electrònics$2thub 615 0$aFood$xMicrobiology. 615 0$aFood poisoning. 615 0$aFood contamination. 615 7$aMicrobiologia dels aliments 615 7$aIntoxicació alimentària 615 7$aContaminació dels aliments 676 $a664.001/579 701 $aHoorfar$b J$g(Jeffrey)$01235305 712 02$aAmerican Society for Microbiology. 801 0$bMiAaPQ 801 1$bMiAaPQ 801 2$bMiAaPQ 906 $aBOOK 912 $a9910574100203321 996 $aRapid detection, characterization, and enumeration of foodborne pathogens$92869254 997 $aUNINA LEADER 05159oam 2200697I 450 001 9910792178603321 005 20230803023707.0 010 $a1-135-06969-7 010 $a1-135-06970-0 010 $a0-203-59088-0 024 7 $a10.4324/9780203590881 035 $a(CKB)2560000000102208 035 $a(EBL)1207555 035 $a(OCoLC)850080098 035 $a(SSID)ssj0000887145 035 $a(PQKBManifestationID)12374983 035 $a(PQKBTitleCode)TC0000887145 035 $a(PQKBWorkID)10835528 035 $a(PQKB)11735598 035 $a(MiAaPQ)EBC1207555 035 $a(Au-PeEL)EBL1207555 035 $a(CaPaEBR)ebr10717503 035 $a(CaONFJC)MIL495015 035 $a(OCoLC)847132584 035 $a(OCoLC)1193335601 035 $a(FINmELB)ELB132319 035 $a(EXLCZ)992560000000102208 100 $a20180706d2013 uy 0 101 0 $aeng 135 $aur|n|---||||| 181 $ctxt 182 $cc 183 $acr 200 00$aCommon pools of genetic resources $eequity and innovation in international biodiversity law /$f[edited by] Evanson Chege Kamau and Gerd Winter 205 $aFirst edition. 210 1$aAbingdon, Oxon :$cRoutledge,$d2013. 215 $a1 online resource (457 p.) 225 1 $aRoutledge research in international environmental law 300 $aDescription based upon print version of record. 311 $a1-138-67279-3 311 $a0-415-53767-3 320 $aIncludes bibliographical references and index. 327 $aCommon pools of genetic resources and related traditional and modern knowledge : an overview / Gerd Winter -- Traditional knowledge common pools : the story of the Kukula traditional health practitioners of Bushbuckridge, South Africa / Gino Cocchiaro and Britta Rutert -- Common pools of TK and related genetic resources : a case study of San-Hoodia / Evanson Chege Kamau -- Reinventing traditional medicine : Pacari and its struggle towards health, environmental protection and benefit sharing / John Bernhard Kleba -- Guardians of the seed : the role of Andean farmers in the caring and sharing of agrobiodiversity / Mario Tapia and Brendan Tobin -- Genetic resources common pools in Brazil / Juliana Santilli -- Developing a common pools strategy for genetic resources for food and agriculture : a case study of Malaysia / Gurdial Singh Nijar -- Common pools of traditional Chinese medical knowledge in China / Tianbao Qin -- Common pools in aquaculture : exploring patent law, ABS and sui generis options / Morten Walløe Tvedt -- Practices of exchanging and utilizing genetic resources for food and agriculture and the ABS regime / Se?lim Louafi and Marie Schloen -- Global scientific research commons under the Nagoya protocol : governing pools of microbial genetic resources / Tom Dedeurwaerdere, Arianna Broggiato, Dimitra Manou -- Networks of ex-situ collections in genetic resources / Christine Godt -- Biological data banks for marine organisms : what they contain and how they can be used in ABS contexts / Gorch Detlef Bevis Fedder -- Knowledge commons, intellectual property and the ABS regime / Gerd Winter -- ABS, justice and the Nagoya protocol / Peter-Tobias Stoll -- The World Health Organization's pandemic influenza preparedness framework as a public health resources pool / Marie Wilke -- The multilateral system of the international treaty on plant genetic resources : lessons and space for further development / Evanson Chege Kamau -- Exploring bases for building common pools in eastern Africa / Evanson Chege Kamau -- Common pools for marine genetic resources : a possible instrument for a future multilateral agreement addressing marine biodiversity in areas beyond national jurisdiction / Thomas Greiber. 330 $a

The Convention on Biological Diversity (CBD) strives for the sustainable and equitable utilization of genetic resources, with the ultimate goal of conserving biodiversity. The CBD and the Nagoya Protocol which has since been elaborated suggest a bilateral model for access to genetic resources and the sharing of benefits from their utilization. There is concern that the bilateral exchange ""genetic resource for benefit sharing"" could have disappointing results because providers are left out of the process of research and development, benefits are difficult to be traced to sources, and provi 410 0$aRoutledge research in international environmental law. 606 $aGermplasm resources conservation$xLaw and legislation 606 $aBiodiversity conservation$xLaw and legislation 606 $aTraditional ecological knowledge$xLaw and legislation 615 0$aGermplasm resources conservation$xLaw and legislation. 615 0$aBiodiversity conservation$xLaw and legislation. 615 0$aTraditional ecological knowledge$xLaw and legislation. 676 $a346.04/69534 701 $aKamau$b Evanson C$01497112 701 $aWinter$b Gerd$0236421 801 0$bMiAaPQ 801 1$bMiAaPQ 801 2$bMiAaPQ 906 $aBOOK 912 $a9910792178603321 996 $aCommon pools of genetic resources$93722156 997 $aUNINA